Carregant...
تحولات المعني في الشعر العربي /
| Autor principal: | |
|---|---|
| Format: | Printed Book |
| LEADER | 00474nam a2200109Ia 4500 | ||
|---|---|---|---|
| 008 | 150527150527b xxu||||| |||| 00| 0 ara d | ||
| 082 | |a 811.9 | ||
| 100 | |a عبد الطيف الوراري | ||
| 245 | |c by عبد الطيف الوراري |a تحولات المعني في الشعر العربي / | ||
| 942 | |c BK | ||
| 999 | |c 173404 |d 173404 | ||
| 952 | |0 0 |1 0 |4 0 |6 811_900000000000000_عبد_ت |7 0 |9 192095 |a ARA |b ARA |c ST1 |d 2015-05-27 |i 9427 |l 0 |o 811.9 عبد/ت |p ARA009427 |r 2015-05-27 |w 2015-05-27 |y BK | ||